|
|
|
|
| LEADER |
00000nta a2200000 i 4500 |
| 001 |
dolg22971 |
| 005 |
20200407152211.0 |
| 008 |
191118suuuu hu om 000 hun d |
| 040 |
|
|
|a BGE Dolgozattár Repozitórium
|b hun
|
| 041 |
|
|
|a hu
|
| 100 |
1 |
|
|a Putnoki Attila Márton
|
| 245 |
1 |
0 |
|a MULTIMÉDIÁS OLDALAK ADATBÁZISÁN ALAPULÓ FELHASZNÁLÓI CSOPORTOKNAK SZÓLÓ SZEMÉLYRE SZABOTT TARTALOM
|c Putnoki Attila Márton
|h [elektronikus dokumentum]
|
| 246 |
1 |
1 |
|a MULTIMÉDIÁS OLDALAK ADATBÁZISÁN ALAPULÓ FELHASZNÁLÓI CSOPORTOKNAK SZÓLÓ SZEMÉLYRE SZABOTT TARTALOM
|
| 246 |
1 |
1 |
|a PERSONALISED CONTENT FOR DATABASE OF MULTIMEDIA SITES BASED USER GROUPS
|
| 695 |
|
|
|a személyiségtípus
|
| 695 |
|
|
|a közösségi média
|
| 695 |
|
|
|a Facebook
|
| 700 |
1 |
|
|a Kovács Dr. Endre
|e ths
|
| 700 |
1 |
|
|a Somos Gábor
|e ths
|
| 856 |
4 |
0 |
|u http://dolgozattar.uni-bge.hu/22971/1/Putnoki%20Attila%20M%C3%A1rton_Szakdolgozat.pdf
|z Dokumentum-elérés
|
| 856 |
4 |
0 |
|u http://dolgozattar.uni-bge.hu/22971/8/PSZK_Nyilatkozat-szakdolgozat-nyilvanossa-tetelerol_Putnoki%20Attila.pdf
|z Dokumentum-elérés
|